Ancud: una capital provinciana decimonónica, 1800-1900

Furkejuvvon:
Bibliográfalaš dieđut
Váldodahkki: Urbina Burgos, Rodolfo (Dahkki)
Materiálatiipa: Girji
Giella:espánnjágiella
Almmustuhtton: Valparaíso Ediciones Universitarias de Valparaíso 2016
Preanttus:1a. ed
Fáttát:
Fáddágilkorat: Lasit fáddágilkoriid
Eai fáddágilkorat, Lasit vuosttaš fáddágilkora!

MARC

LEADER 00000cam a2200000 a 4500
001 UCD4871
003 CL-VaPUC
008 160722e20160000cl |||||||||||||||||spa|d
020 |a 9789561706750 
082 0 4 |a 983.04  |b URB  |2 21 
100 0 |a Urbina Burgos, Rodolfo  |e author  |9 588559 
245 1 0 |a Ancud: una capital provinciana decimonónica, 1800-1900 
250 |a 1a. ed 
300 |a 348 p 
942 |c BK 
945 |d 20160722 23:21:00  |a arojas 
260 |a Valparaíso  |b Ediciones Universitarias de Valparaíso  |c 2016 
650 0 |a Historia de Chile   |9 322385 
650 7 |a HISTORIA DE CHILE SIGLO 19 Y 20  |2 CL-VaPUC  |9 550751 
650 0 |a República  |9 310048 
650 0 |a Desarrollo económico y social   |9 256320 
651 0 |a Chiloé  |9 265209 
651 7 |a CHILE  |2 CL-VaPUC  |9 588560 
583 |a last modification  |c 20160722 23:21:00  |k Rodrigo Vera 
999 |c 365664  |d 365662 
952 |0 0  |1 0  |3 erb  |4 0  |6 983_040000000000000_URB_2016  |7 0  |8 A  |9 479576  |a BIBHIS  |b BIBHIS  |i 5298806  |o 983.04 URB 2016  |p 5298806  |r 2025-01-20  |w 2019-11-24  |y BK  |z Catalogado en:20160722  |k HIS 
952 |0 0  |1 0  |3 erb  |4 0  |6 983_040000000000000_URB_2016  |7 0  |8 A  |9 479577  |a BIBHIS  |b BIBHIS  |i 5337186  |o 983.04 URB 2016  |p 5337186  |r 2025-01-20  |w 2019-11-24  |y BK  |z Catalogado en:20160811  |k HIS 
952 |0 0  |1 0  |3 erb  |4 0  |6 983_040000000000000_URB_2016  |7 0  |8 X  |9 479578  |a FDOBUD  |b FDOBUD  |i 5407664  |o 983.04 URB 2016  |p 5407664  |r 2019-11-24  |w 2019-11-24  |y BK_X  |z Catalogado en:20170709  |k FHP